<?xml version="1.0" encoding="UTF-8"?>
<collection xmlns="http://www.loc.gov/MARC21/slim">
 <record>
  <leader>01884aam a22002658a 4500</leader>
  <controlfield tag="001">NCT_7818</controlfield>
  <controlfield tag="008">091014s2009                  ||||||viesd</controlfield>
  <datafield tag="999" ind1=" " ind2=" ">
   <subfield code="c">396</subfield>
   <subfield code="d">396</subfield>
  </datafield>
  <datafield tag="020" ind1=" " ind2=" ">
   <subfield code="c">30000</subfield>
  </datafield>
  <datafield tag="082" ind1="0" ind2="4">
   <subfield code="2">23rd ed.</subfield>
   <subfield code="a">658.4</subfield>
   <subfield code="b">F297</subfield>
  </datafield>
  <datafield tag="100" ind1="1" ind2=" ">
   <subfield code="a">Feigenbaum, Armand V.</subfield>
  </datafield>
  <datafield tag="245" ind1="1" ind2="0">
   <subfield code="a">Sức mạnh của sự đổi mới quản lý =</subfield>
   <subfield code="b">The power of management innovation : 24 bí quyết nhằm duy trì và tăng tốc phát triển doanh nghiệp cùng lợi nhuận</subfield>
   <subfield code="c">Armand V. Feigenbaum, Donald S. Feigenbaum ; Dịch: Hoàng Sơn, Thanh Lý </subfield>
  </datafield>
  <datafield tag="260" ind1=" " ind2=" ">
   <subfield code="a">Tp. Hồ Chí Minh</subfield>
   <subfield code="b">Tổng hợp</subfield>
   <subfield code="c">2009</subfield>
  </datafield>
  <datafield tag="300" ind1=" " ind2=" ">
   <subfield code="a">101tr.</subfield>
   <subfield code="c">21cm</subfield>
  </datafield>
  <datafield tag="520" ind1="3" ind2=" ">
   <subfield code="a">Nội dung tài liệu giới thiệu 24 bí quyết về sự đổi mới trong quản lí nhằm duy trì và tăng tốc phát triển doanh nghiệp cùng lợi nhuận</subfield>
  </datafield>
  <datafield tag="700" ind1="0" ind2=" ">
   <subfield code="a">Thanh Lý</subfield>
   <subfield code="e">dịch</subfield>
  </datafield>
  <datafield tag="700" ind1="1" ind2=" ">
   <subfield code="a">Feigenbaum, Donald S.</subfield>
  </datafield>
  <datafield tag="700" ind1="1" ind2=" ">
   <subfield code="a">Hoàng Sơn</subfield>
   <subfield code="e">dịch</subfield>
  </datafield>
  <datafield tag="942" ind1=" " ind2=" ">
   <subfield code="2">ddc</subfield>
   <subfield code="c">BK</subfield>
  </datafield>
  <datafield tag="952" ind1=" " ind2=" ">
   <subfield code="0">0</subfield>
   <subfield code="1">0</subfield>
   <subfield code="2">ddc</subfield>
   <subfield code="4">0</subfield>
   <subfield code="6">658_400000000000000_F297</subfield>
   <subfield code="7">0</subfield>
   <subfield code="9">16294</subfield>
   <subfield code="a">000001</subfield>
   <subfield code="b">000001</subfield>
   <subfield code="d">2019-03-16</subfield>
   <subfield code="l">2</subfield>
   <subfield code="o">658.4 F297</subfield>
   <subfield code="p">MD.14959</subfield>
   <subfield code="r">2021-04-13</subfield>
   <subfield code="s">2021-03-30</subfield>
   <subfield code="v">30000.00</subfield>
   <subfield code="w">2019-03-16</subfield>
   <subfield code="y">BK</subfield>
  </datafield>
  <datafield tag="952" ind1=" " ind2=" ">
   <subfield code="0">0</subfield>
   <subfield code="1">0</subfield>
   <subfield code="2">ddc</subfield>
   <subfield code="4">0</subfield>
   <subfield code="6">658_400000000000000_F297</subfield>
   <subfield code="7">0</subfield>
   <subfield code="9">16295</subfield>
   <subfield code="a">000001</subfield>
   <subfield code="b">000001</subfield>
   <subfield code="d">2019-03-16</subfield>
   <subfield code="o">658.4 F297</subfield>
   <subfield code="p">MD.14960</subfield>
   <subfield code="r">2019-03-16</subfield>
   <subfield code="v">30000.00</subfield>
   <subfield code="w">2019-03-16</subfield>
   <subfield code="y">BK</subfield>
  </datafield>
  <datafield tag="952" ind1=" " ind2=" ">
   <subfield code="0">0</subfield>
   <subfield code="1">0</subfield>
   <subfield code="2">ddc</subfield>
   <subfield code="4">0</subfield>
   <subfield code="6">658_400000000000000_F297</subfield>
   <subfield code="7">0</subfield>
   <subfield code="9">16296</subfield>
   <subfield code="a">000001</subfield>
   <subfield code="b">000001</subfield>
   <subfield code="d">2019-03-16</subfield>
   <subfield code="l">1</subfield>
   <subfield code="o">658.4 F297</subfield>
   <subfield code="p">MD.14961</subfield>
   <subfield code="r">2020-03-26</subfield>
   <subfield code="s">2020-03-19</subfield>
   <subfield code="v">30000.00</subfield>
   <subfield code="w">2019-03-16</subfield>
   <subfield code="y">BK</subfield>
  </datafield>
  <datafield tag="952" ind1=" " ind2=" ">
   <subfield code="0">0</subfield>
   <subfield code="1">0</subfield>
   <subfield code="2">ddc</subfield>
   <subfield code="4">0</subfield>
   <subfield code="6">658_400000000000000_F297</subfield>
   <subfield code="7">0</subfield>
   <subfield code="9">16297</subfield>
   <subfield code="a">000001</subfield>
   <subfield code="b">000001</subfield>
   <subfield code="d">2019-03-16</subfield>
   <subfield code="o">658.4 F297</subfield>
   <subfield code="p">MD.14962</subfield>
   <subfield code="r">2019-03-16</subfield>
   <subfield code="v">30000.00</subfield>
   <subfield code="w">2019-03-16</subfield>
   <subfield code="y">BK</subfield>
  </datafield>
  <datafield tag="952" ind1=" " ind2=" ">
   <subfield code="0">0</subfield>
   <subfield code="1">0</subfield>
   <subfield code="2">ddc</subfield>
   <subfield code="4">0</subfield>
   <subfield code="6">658_400000000000000_F297</subfield>
   <subfield code="7">0</subfield>
   <subfield code="9">16298</subfield>
   <subfield code="a">000001</subfield>
   <subfield code="b">000001</subfield>
   <subfield code="d">2019-03-16</subfield>
   <subfield code="l">2</subfield>
   <subfield code="o">658.4 F297</subfield>
   <subfield code="p">MD.14963</subfield>
   <subfield code="q">2020-07-14</subfield>
   <subfield code="r">2020-06-30</subfield>
   <subfield code="s">2020-06-30</subfield>
   <subfield code="v">30000.00</subfield>
   <subfield code="w">2019-03-16</subfield>
   <subfield code="y">BK</subfield>
  </datafield>
  <datafield tag="980" ind1=" " ind2=" ">
   <subfield code="a">Thư viện Trường Đại học Nam Cần Thơ</subfield>
  </datafield>
 </record>
</collection>
